Introduction to ecology (Record no. 141226)
[ view plain ]
| 000 -LEADER | |
|---|---|
| fixed length control field | 00751cam3a220024100 4500 |
| 001 - CONTROL NUMBER | |
| control field | lce00763525 |
| 008 - FIXED-LENGTH DATA ELEMENTS--GENERAL INFORMATION | |
| fixed length control field | 720511s1973 nyua b 001 0 eng |
| 010 ## - LIBRARY OF CONGRESS CONTROL NUMBER | |
| LC control number | 72003788 |
| 020 ## - INTERNATIONAL STANDARD BOOK NUMBER | |
| International Standard Book Number | 0471164984 |
| 035 ## - SYSTEM CONTROL NUMBER | |
| System control number | (Sirsi) r54373 |
| 035 ## - SYSTEM CONTROL NUMBER | |
| System control number | (DLC) 72003788 |
| 035 ## - SYSTEM CONTROL NUMBER | |
| System control number | (UPRA)lce00763525 |
| 050 0# - LIBRARY OF CONGRESS CALL NUMBER | |
| Classification number | QH541 |
| Item number | .C63 |
| 082 ## - DEWEY DECIMAL CLASSIFICATION NUMBER | |
| Classification number | 574.5 |
| 100 1# - MAIN ENTRY--PERSONAL NAME | |
| Personal name | Colinvaux, Paul A., 1930- |
| Dates associated with a name | Colinvaux, Paul A., 1930- |
| Linkage | A13122.1 |
| 245 10 - TITLE STATEMENT | |
| Title | Introduction to ecology |
| Statement of responsibility, etc. | [by] Paul A. Colinvaux. |
| 260 ## - PUBLICATION, DISTRIBUTION, ETC. | |
| Place of publication, distribution, etc. | New York, |
| Name of publisher, distributor, etc. | Wiley |
| Date of publication, distribution, etc. | [1973] |
| 504 ## - BIBLIOGRAPHY, ETC. NOTE | |
| Bibliography, etc. note | Bibliography: p. 583-600. |
| 650 #0 - SUBJECT ADDED ENTRY--TOPICAL TERM | |
| Topical term or geographic name entry element | Ecology. |
| Linkage | S803.1 |
| 949 ## - LOCAL PROCESSING INFORMATION (OCLC) | |
| a | QH541 |
| w | lcc |
| i | 33729005772038 |
| m | MAIN |
| t | BOOK |
| l | ON-SHELF |
| 949 ## - LOCAL PROCESSING INFORMATION (OCLC) | |
| a | QH541 |
| w | lcc |
| i | 33729001838213 |
| m | MAIN |
| p | 2500 |
| t | BOOK |
| l | ON-SHELF |
No items available.